000 00811nam a2200241Ia 4500
003 OSt
005 20220923220344.0
006 a|||||r|||| 00| 0
007 ta
008 220922b |||||||| |||| 00| 0 hin d
024 _a186,129
037 _cTextual
040 _aARTS
_cARTS
_bhin
041 _2hin
_ahin
082 _aY73(P15).69vN7, 152L6
100 _aहजारी सिंह, के0
245 0 _aमोरीशस में भारतीयों का इतिहास
246 _aMorīshas mean bhāratīyoan kā itihāsa
260 _aदिल्ली
_b मैकमिलन कम्पनी
_c1976
300 _a158 पृ.
_ccm.
942 _hY73(P15).69vN7, 152L6
_cTEXL
_2CC
999 _c339374
_d339374